000 00619nam a2200181Ia 4500
008 090123s9999 xx 000 0 und d
082 _b36888
_a891.463/नगर
100 _aनगरकर किरण
245 _aसात सक्कं त्रेचाळीस
250 _a2
260 _bप्रतिमा प्रकाशन
_c2004
300 _a232
600 _aनगरकर किरण
630 _aसात सक्कं त्रेचाळीस
700 _aनगरकर किरण
730 _aसात सक्कं त्रेचाळीस
942 _cBOOK
999 _c74956
_d74956